000 00491nam a2200193Ia 4500
005 20250603144923.0
008 250603s9999 xx 000 0 und d
020 _a9781451194326
050 _aRB 113 .P668/
100 _aPorth, Carol Mattson
245 0 _aEssentials of pathophysiology: concepts of altered health states
250 _a4th ed.
260 _aPhiladelphia
260 _bWolters Kluwer
260 _c2015
300 _a1222 p
650 _aPhiladelphia
942 _cBK
999 _c40344
_d40344